000 00407nam a22001697a 4500
005 20160502170508.0
008 160502b xxu||||| |||| 00| 0 eng d
020 _a81-8909328-2
041 _aeng
082 _b1104
100 _aParson Julic
_9361
245 _aIllustrated Dictionary of Economics
260 _aNew Delhi
_bLotus Press,
_c2004
300 _a239
650 _aManagement
_9241
942 _cBK
999 _c419
_d419